| 000 | 00699nam a2200169 i 4500 | ||
|---|---|---|---|
| 001 | 100547 | ||
| 003 | ES-MaACL | ||
| 005 | 20230906182708.0 | ||
| 007 | t| | ||
| 008 | 050929s1919 sp ||||1| cat d | ||
| 100 | 1 |
_aMaspons i Anglasell, F. ( _d1872-1966) _9149336 |
|
| 245 | 1 | 3 |
_aEl fet de la reivindicació jurídica catalana _b: discurso llegit pel Sr. President [de la Acad. de Jurisprudencia y Legilació de Barcelona] en la sesió inaugural del curs de 1918-1919 / _cFrancisco Maspons y Anglasell. |
| 260 |
_aBarcelona : _b[s.n.], _c1919. |
||
| 300 |
_a48 p. ; _c24 cm. |
||
| 594 | _aPrecede al tít.: Academia de Jurisprudencia y Legislación de Barcelona. | ||
| 852 |
_aES-MaACL _j1584-F-6 |
||
| 999 |
_c100547 _d100547 |
||